000 00408nam a2200193Ia 4500
008 101110s9999 xx 000 0 und d
041 _aENGLISH
082 _bSR4704
_a824
100 _aInge, Dean
245 _aFive Essays
365 _b3
520 _aEnglish
546 _aENGLISH
630 _aFive Essays
650 _aEnglish
655 _aEnglish
730 _aFive Essays
942 _cBOOK
999 _c800871
_d800868